[Event "Bolshoy Tsaryn"]
[Site "Bolshoy Tsaryn"]
[Date "2011.10.08"]
[Round "9"]
[White "Gusev, Alex"]
[Black "Sarmutkin, Sergey"]
[Result "1-0"]
[WhiteElo "2030"]
[BlackElo "2057"]
[PlyCount "87"]
[EventDate "2011.10.04"]
[EventType "tourn"]
[EventRounds "9"]
[EventCountry "RUS"]
[SourceTitle "EXT 2013"]
[Source "ChessBase"]
[SourceDate "2012.11.22"]
[SourceVersion "1"]
[SourceVersionDate "2012.11.22"]
[SourceQuality "1"]

1. d4 Nf6 2. Nc3 d5 3. e4 Nxe4 4. Nxe4 dxe4 5. Bc4 Nd7 6. Qh5 e6 7. Bxe6 Qf6 8. Bb3 Bd6 9. Bg5 Qf5 10. g4 Qa5+ 11. c3 0-0 12. Qh4 Re8 13. Bxf7+ Kxf7 14. Qh5+ Kg8 15. Qxe8+ Nf8 16. Be7 Bxg4 17. Qxa8 Bxe7 18. Qxb7 e3 19. Qb3+ Ne6 20. fxe3 Qf5 21. Ne2 Qf3 22. 0-0-0 Qxe2 23. Rde1 Qd3 24. Qc2 Qxc2+ 25. Kxc2 Bf3 26. Rhf1 Be4+ 27. Kb3 g5 28. c4 g4 29. d5 Nc5+ 30. Kc3 Bf3 31. Kd4 Nd7 32. Rxf3 gxf3 33. Rf1 Bf6+ 34. Ke4 Bxb2 35. Rxf3 Ne5 36. Rg3+ Kf7 37. Rh3 Kg6 38. c5 Nd7 39. Rg3+ Kf6 40. Rf3+ Kg6 41. Kd3 Ne5+ 42. Kc2 Nxf3 43. Kxb2 Nxh2 44. d6 1-0

[Event "Bolshoy Tsaryn"]
[Site "Bolshoy Tsaryn"]
[Date "2011.10.06"]
[Round "4"]
[White "Sarmutkin, Sergey"]
[Black "Svechnikov, Leonid"]
[Result "1/2-1/2"]
[WhiteElo "2057"]
[BlackElo "2350"]
[PlyCount "20"]
[EventDate "2011.10.04"]
[EventType "tourn"]
[EventRounds "9"]
[EventCountry "RUS"]
[SourceTitle "EXT 2013"]
[Source "ChessBase"]
[SourceDate "2012.11.22"]
[SourceVersion "1"]
[SourceVersionDate "2012.11.22"]
[SourceQuality "1"]

1. d4 Nf6 2. c4 e6 3. Nc3 Bb4 4. e3 0-0 5. Nge2 c5 6. a3 Bxc3+ 7. Nxc3 cxd4 8. exd4 d5 9. Bd3 dxc4 10. Bxc4 Nc6 1/2-1/2

[Event "Bolshoy Tsaryn"]
[Site "Bolshoy Tsaryn"]
[Date "2010.09.23"]
[Round "5"]
[White "Gusev, Alex"]
[Black "Sarmutkin, Sergey"]
[Result "0-1"]
[WhiteElo "2022"]
[BlackElo "2039"]
[PlyCount "94"]
[EventDate "2010.09.23"]
[EventType "swiss"]
[EventRounds "7"]
[EventCountry "RUS"]
[SourceTitle "EXT 2022"]
[Source "ChessBase"]
[SourceDate "2021.10.06"]
[SourceVersion "1"]
[SourceVersionDate "2021.10.06"]
[SourceQuality "1"]

1. d4 d5 2. e4 c6 3. Nc3 g6 4. h4 h5 5. Bg5 Bg7 6. Qd2 dxe4 7. 0-0-0 Bf5 8. f3 exf3 9. Nxf3 Nf6 10. Ne5 Nbd7 11. Qf4 Ng4 12. Bd3 Nh6 13. Rhe1 Nf6 14. Bc4 Kf8 15. d5 Qb6 16. d6 Kg8 17. dxe7 Kh7 18. Nxf7 Nxf7 19. Bxf7 Nd5 20. Rxd5 cxd5 21. e8Q Rhxe8 22. Bxe8 d4 23. Nd1 Rc8 24. Ba4 Qb4 25. Re8 Qxa4 26. Rxc8 Bxc8 27. Qc7 Qd7 28. Qg3 Qc6 29. Nf2 Qe6 30. Nd3 Qxa2 31. Qc7 Bg4 32. Kd2 Qe6 33. Nc1 Qe4 34. Qg3 Be5 35. Qf2 Bf5 36. Nd3 Bg7 37. Qg3 Qd5 38. Qf2 a5 39. Qe2 b5 40. g3 b4 41. Qe7 Qg2+ 42. Kc1 Bxd3 43. cxd3 b3 44. Qc7 a4 45. Bf4 a3 46. bxa3 Qa2 47. Kd1 b2 0-1

[Event "Ketchenery"]
[Site "Ketchenery"]
[Date "2010.09.17"]
[Round "6"]
[White "Begjanyan, Hrayr"]
[Black "Sarmutkin, Sergey"]
[Result "1-0"]
[WhiteElo "2116"]
[BlackElo "2039"]
[PlyCount "103"]
[EventDate "2010.09.17"]
[EventType "swiss"]
[EventRounds "7"]
[EventCountry "RUS"]
[SourceTitle "EXT 2022"]
[Source "ChessBase"]
[SourceDate "2021.10.06"]
[SourceVersion "1"]
[SourceVersionDate "2021.10.06"]
[SourceQuality "1"]

1. e4 e6 2. d4 d5 3. Nc3 Bb4 4. e5 Ne7 5. a3 Bxc3+ 6. bxc3 c5 7. Bd3 Nbc6 8. Nf3 Bd7 9. 0-0 c4 10. Be2 Nf5 11. a4 0-0 12. Ba3 Re8 13. Rb1 b6 14. Bc1 f6 15. g4 Nfe7 16. exf6 gxf6 17. g5 Nf5 18. gxf6 Qxf6 19. Bg5 Qf7 20. Kh1 Kh8 21. Qd2 Nd6 22. Qe3 Qf5 23. Nh4 Qe4+ 24. Bf3 Qxe3 25. Bf6+ Kg8 26. fxe3 Ne7 27. Bh5 Nef5 28. Nxf5 Nxf5 29. Bxe8 Bxe8 30. a5 b5 31. Rf3 Kf7 32. Be5 a6 33. Rg1 Ke7 34. Rg8 Ra7 35. Rh8 Bg6 36. Rh3 h6 37. Kg1 Kd7 38. Rf8 Ke7 39. Rh8 h5 40. Kf2 Nd6 41. Rg8 Bxc2 42. Rg7+ Nf7 43. Rxh5 Ra8 44. Rh6 Kf8 45. Rxe6 Nxe5 46. Rb7 Ng6 47. Rd7 Be4 48. Kg3 Kg8 49. h4 Rf8 50. h5 Rf3+ 51. Kg4 Nf8 52. Rd8 1-0

[Event "Gorodovikovsk Bashanta"]
[Site "Gorodovikovsk"]
[Date "2010.04.11"]
[Round "5"]
[White "Chudakov, Yury"]
[Black "Sarmutkin, Sergey"]
[Result "0-1"]
[WhiteElo "1946"]
[BlackElo "2028"]
[PlyCount "46"]
[EventDate "2010.04.11"]
[EventType "tourn"]
[EventRounds "9"]
[EventCountry "RUS"]
[SourceTitle "EXT 2012"]
[Source "ChessBase"]
[SourceDate "2011.11.24"]
[SourceVersion "1"]
[SourceVersionDate "2011.11.24"]
[SourceQuality "1"]

1. Nf3 f5 2. g3 Nf6 3. Bg2 e6 4. d3 Be7 5. 0-0 0-0 6. c4 d5 7. Nc3 c6 8. e4 e5 9. Nh4 g6 10. exf5 gxf5 11. Bh6 Rf7 12. h3 Ne8 13. Qh5 Ng7 14. Kh2 Bxh4 15. gxh4 Be6 16. Rg1 Kh8 17. Bf3 Nd7 18. Rg2 Nf6 19. Qg5 Qe7 20. Rag1 Rff8 21. Qe3 Ng4+ 22. Bxg4 fxg4 23. Ne4 Rf3 0-1

[Event "Iki Burul Dawn"]
[Site "Iki Burul"]
[Date "2009.06.24"]
[Round "5"]
[White "Sarmutkin, Sergey"]
[Black "Golosya, Mikhail"]
[Result "1-0"]
[WhiteElo "1966"]
[BlackElo "1941"]
[PlyCount "31"]
[EventDate "2009.06.24"]
[EventType "tourn"]
[EventRounds "9"]
[EventCountry "RUS"]
[SourceTitle "EXT 2022"]
[Source "ChessBase"]
[SourceDate "2021.10.06"]
[SourceVersion "1"]
[SourceVersionDate "2021.10.06"]
[SourceQuality "1"]

1. d4 Nf6 2. c4 c5 3. d5 b5 4. e4 bxc4 5. Bxc4 d6 6. Nf3 g6 7. Nc3 Bg7 8. 0-0 0-0 9. Bg5 Ba6 10. Bxa6 Nxa6 11. Qd2 Rb8 12. Bh6 Bxh6 13. Qxh6 Rxb2 14. Ng5 Qd7 15. e5 dxe5 16. Nce4 1-0

[Event "Iki Burul Dawn"]
[Site "Iki Burul"]
[Date "2009.06.24"]
[Round "1"]
[White "Sarmutkin, Sergey"]
[Black "Gusev, Alex"]
[Result "1-0"]
[WhiteElo "1966"]
[BlackElo "2049"]
[PlyCount "75"]
[EventDate "2009.06.24"]
[EventType "tourn"]
[EventRounds "9"]
[EventCountry "RUS"]
[SourceTitle "EXT 2022"]
[Source "ChessBase"]
[SourceDate "2021.10.06"]
[SourceVersion "1"]
[SourceVersionDate "2021.10.06"]
[SourceQuality "1"]

1. d4 e6 2. c4 b6 3. a3 Bb7 4. Nc3 f5 5. Nf3 Nf6 6. d5 Bd6 7. Qc2 0-0 8. Bg5 Qe8 9. 0-0-0 a5 10. Bxf6 Rxf6 11. e4 fxe4 12. Nxe4 Bf4+ 13. Kb1 Rf8 14. Bd3 h6 15. Rhe1 Na6 16. Ng3 Nc5 17. Bg6 Qe7 18. Nh5 b5 19. Bh7+ Kh8 20. Nxf4 Rxf4 21. Ne5 Qf6 22. Ng6+ Kxh7 23. Nxf4+ Kg8 24. cxb5 Qxf4 25. Qxc5 Rf8 26. dxe6 Be4+ 27. Ka1 dxe6 28. Qe3 Qxe3 29. Rxe3 Bxg2 30. Rxe6 Rxf2 31. Re7 Bf1 32. Rxc7 Bxb5 33. b3 Rxh2 34. Rd5 Bf1 35. Rxa5 h5 36. Rg5 h4 37. Rgxg7+ Kh8 38. Rgf7 1-0

[Event "Komsomolsky Rating"]
[Site "Komsomolsky"]
[Date "2009.05.??"]
[Round "7"]
[White "Otchiev, Mikhail"]
[Black "Sarmutkin, Sergey"]
[Result "1/2-1/2"]
[WhiteElo "1937"]
[BlackElo "1966"]
[PlyCount "24"]
[EventDate "2009.05.15"]
[EventType "tourn"]
[EventRounds "10"]
[EventCountry "RUS"]
[SourceTitle "EXT 2022"]
[Source "ChessBase"]
[SourceDate "2021.10.06"]
[SourceVersion "1"]
[SourceVersionDate "2021.10.06"]
[SourceQuality "1"]

1. e4 d5 2. exd5 Nf6 3. Nc3 Nxd5 4. Nxd5 Qxd5 5. Nf3 Nc6 6. Be2 Bf5 7. 0-0 e6 8. c4 Qd6 9. d4 0-0-0 10. Be3 Be7 11. a3 Bf6 12. c5 Qd5 1/2-1/2

[Event "Komsomolsky Rating"]
[Site "Komsomolsky"]
[Date "2009.05.??"]
[Round "9"]
[White "Sarmutkin, Sergey"]
[Black "Doglaev, Arslang"]
[Result "1-0"]
[WhiteElo "1966"]
[BlackElo "2098"]
[PlyCount "54"]
[EventDate "2009.05.15"]
[EventType "tourn"]
[EventRounds "10"]
[EventCountry "RUS"]
[SourceTitle "EXT 2022"]
[Source "ChessBase"]
[SourceDate "2021.10.06"]
[SourceVersion "1"]
[SourceVersionDate "2021.10.06"]
[SourceQuality "1"]

1. d4 Nf6 2. c4 g6 3. Nc3 Bg7 4. e4 d6 5. f3 Nbd7 6. Be3 e5 7. Nge2 0-0 8. Qd2 Re8 9. 0-0-0 c6 10. Kb1 Rb8 11. Nc1 Qa5 12. d5 cxd5 13. Nxd5 Qxd2 14. Nxf6+ Nxf6 15. Rxd2 Bf8 16. Bxa7 Ra8 17. Be3 Be6 18. Be2 Rec8 19. b3 Rc6 20. g4 h5 21. gxh5 Nxh5 22. Nd3 Rca6 23. Nb4 Ra3 24. Nd5 f5 25. Nc7 f4 26. Bf2 Rc8 27. Nxe6 Be7 1-0

[Event "Komsomolsky Rating"]
[Site "Komsomolsky"]
[Date "2009.05.??"]
[Round "2"]
[White "Sarmutkin, Sergey"]
[Black "Otchiev, Mikhail"]
[Result "1/2-1/2"]
[WhiteElo "1966"]
[BlackElo "1937"]
[PlyCount "67"]
[EventDate "2009.05.15"]
[EventType "tourn"]
[EventRounds "10"]
[EventCountry "RUS"]
[SourceTitle "EXT 2022"]
[Source "ChessBase"]
[SourceDate "2021.10.06"]
[SourceVersion "1"]
[SourceVersionDate "2021.10.06"]
[SourceQuality "1"]

1. d4 d5 2. c4 e6 3. Nc3 Nf6 4. Nf3 Be7 5. g3 0-0 6. Bg2 Nbd7 7. cxd5 exd5 8. 0-0 Re8 9. Qb3 Nb6 10. a4 Ne4 11. Ne5 Nxc3 12. bxc3 c6 13. e4 Bd6 14. a5 Nc4 15. Nxc4 dxc4 16. Qxc4 Be6 17. d5 cxd5 18. exd5 Bf5 19. Be3 Qd7 20. Qb3 Rec8 21. c4 Bc5 22. Rfc1 Qe7 23. a6 b6 24. d6 Qxd6 25. Bxa8 Rxa8 26. Bxc5 Qxc5 27. Qf3 Rc8 28. Qd5 Be6 29. Qxc5 Rxc5 30. Rd1 Rc8 31. Rac1 Kf8 32. Rd4 Ke7 33. f4 g6 34. Kf2 1/2-1/2

[Event "Nevinnomyssk"]
[Site "Nevinnomyssk"]
[Date "2009.02.22"]
[Round "3"]
[White "Sarmutkin, Sergey"]
[Black "Shadura, Aleksandr"]
[Result "1/2-1/2"]
[WhiteElo "2010"]
[BlackElo "1880"]
[PlyCount "74"]
[EventDate "2009.02.21"]
[EventType "tourn"]
[EventRounds "11"]
[EventCountry "RUS"]
[SourceTitle "EXT 2012"]
[Source "ChessBase"]
[SourceDate "2011.11.24"]
[SourceVersion "1"]
[SourceVersionDate "2011.11.24"]
[SourceQuality "1"]

1. e4 e6 2. d4 d5 3. Nd2 c5 4. exd5 Qxd5 5. Ngf3 cxd4 6. Bc4 Qd6 7. 0-0 Nf6 8. Nb3 Nc6 9. Nbxd4 Nxd4 10. Nxd4 a6 11. Re1 Qc7 12. Bb3 Bd7 13. c3 Bd6 14. h3 0-0-0 15. Qf3 Rhg8 16. Bg5 Be5 17. Qe2 Bd6 18. Qf3 h6 19. Bh4 Be5 20. Rad1 Bf4 21. Bg3 g5 22. Bc2 h5 23. Be4 Nxe4 24. Bxf4 gxf4 25. Qxe4 Rg6 26. f3 Rdg8 27. Rd2 h4 28. Kh2 Rg5 29. Qh7 e5 30. Nb3 Bc6 31. Qxh4 e4 32. Nd4 e3 33. Rde2 Bd5 34. b3 Qe5 35. Rd1 Rg3 36. Qh7 R3g6 37. Qh4 Rg3 1/2-1/2

[Event "Elista Chess City op 10th"]
[Site "Elista"]
[Date "2008.09.19"]
[Round "5"]
[White "Burkhach, Alexander"]
[Black "Sarmutkin, Sergey"]
[Result "1-0"]
[WhiteElo "2137"]
[BlackElo "2045"]
[PlyCount "125"]
[EventDate "2008.09.16"]
[EventType "swiss"]
[EventRounds "9"]
[EventCountry "RUS"]
[SourceTitle "CBM 126 Extra"]
[Source "ChessBase"]
[SourceDate "2008.11.05"]
[SourceVersion "1"]
[SourceVersionDate "2008.11.05"]
[SourceQuality "1"]

1. d4 d5 2. Nf3 Nf6 3. c4 c6 4. Nc3 e6 5. e3 Nbd7 6. Bd3 dxc4 7. Bxc4 b5 8. Bd3 a6 9. 0-0 c5 10. Qe2 Bb7 11. dxc5 Bxc5 12. a3 0-0 13. e4 Qc7 14. Bg5 Bd6 15. Rac1 Qb8 16. Rfd1 Bf4 17. Bxf4 Qxf4 18. g3 Qg4 19. b4 Qh5 20. Qe3 Ng4 21. Qg5 Qxg5 22. Nxg5 Nde5 23. Be2 h6 24. Nh3 Nf6 25. f4 Nc4 26. Bxc4 bxc4 27. Rd4 Rad8 28. Rcd1 Rxd4 29. Rxd4 Rc8 30. Nf2 Kf8 31. Kf1 Ke7 32. Ke2 Rc7 33. Nfd1 g5 34. Ne3 gxf4 35. gxf4 Nh5 36. e5 f6 37. Nxc4 f5 38. Kd2 Bc6 39. a4 Bg2 40. b5 axb5 41. axb5 Ng7 42. b6 Rd7 43. Rxd7+ Kxd7 44. Na5 Nh5 45. Ke3 Ng7 46. Nb5 Kc8 47. Nd6+ Kb8 48. Nb3 Bd5 49. Nc5 Bg2 50. Nd7+ Ka8 51. Nf6 Kb8 52. Kd4 Bf3 53. Kc5 Bg2 54. Nc4 Kb7 55. Na5+ Ka6 56. Nc6 Kb7 57. Nd4 Bf1 58. Kd6 Bc4 59. Ke7 Kxb6 60. Kf7 Kc5 61. Kxg7 Kxd4 62. Kxh6 Ke3 63. Kg5 1-0

[Event "Elista Chess City op 10th"]
[Site "Elista"]
[Date "2008.09.18"]
[Round "4"]
[White "Sarmutkin, Sergey"]
[Black "Utnasunov, Alexander"]
[Result "0-1"]
[WhiteElo "2045"]
[BlackElo "2447"]
[PlyCount "80"]
[EventDate "2008.09.16"]
[EventType "swiss"]
[EventRounds "9"]
[EventCountry "RUS"]
[SourceTitle "CBM 126 Extra"]
[Source "ChessBase"]
[SourceDate "2008.11.05"]
[SourceVersion "1"]
[SourceVersionDate "2008.11.05"]
[SourceQuality "1"]

1. d4 d5 2. c4 e6 3. Nf3 c6 4. Nc3 Nf6 5. Bg5 dxc4 6. e3 b5 7. a4 Bb4 8. Nd2 Bb7 9. Qf3 a6 10. axb5 axb5 11. Rxa8 Bxa8 12. Be2 Nbd7 13. 0-0 c5 14. Qg3 cxd4 15. exd4 Bc6 16. Bf3 Qa8 17. Bxf6 gxf6 18. Qg7 Rf8 19. Qxh7 Bxf3 20. Nxf3 Bxc3 21. bxc3 Ke7 22. Qh5 Qd5 23. Qxd5 exd5 24. Rb1 Rb8 25. h4 Kd6 26. g4 Kc6 27. Kg2 Nb6 28. h5 Na4 29. Rc1 Kd7 30. Kg3 Ke7 31. Kf4 Kf8 32. h6 Kg8 33. Kf5 Rb6 34. Re1 Nxc3 35. Nd2 Ne4 36. Nxe4 dxe4 37. Rxe4 b4 38. d5 b3 39. d6 b2 40. d7 Rd6 0-1

[Event "Elista-ch "]
[Site "Elista"]
[Date "2008.07.28"]
[Round "9"]
[White "Utnasunov, Alexander"]
[Black "Sarmutkin, Sergey"]
[Result "1-0"]
[WhiteElo "2447"]
[BlackElo "2045"]
[PlyCount "47"]
[EventDate "2008.07.21"]
[EventType "tourn"]
[EventRounds "11"]
[EventCountry "RUS"]
[SourceTitle "EXT 2022"]
[Source "ChessBase"]
[SourceDate "2021.10.06"]
[SourceVersion "1"]
[SourceVersionDate "2021.10.06"]
[SourceQuality "1"]

1. d4 d5 2. c4 c6 3. Nc3 Nf6 4. Nf3 Bg4 5. Ne5 Bf5 6. cxd5 Nxd5 7. e4 Nxc3 8. bxc3 Bc8 9. Qf3 Be6 10. d5 Nd7 11. Nc4 Nc5 12. dxe6 Nxe6 13. Ne5 f6 14. Bc4 Qd6 15. Qh5+ g6 16. Nxg6 hxg6 17. Qxh8 0-0-0 18. Bxe6+ Qxe6 19. Qh3 f5 20. 0-0 Bg7 21. exf5 gxf5 22. Qe3 Qc4 23. Qxe7 Bxc3 24. Bg5 1-0

[Event "Elista-ch "]
[Site "Elista"]
[Date "2008.07.21"]
[Round "1"]
[White "Namruev, Anatoly"]
[Black "Sarmutkin, Sergey"]
[Result "1/2-1/2"]
[WhiteElo "1975"]
[BlackElo "2045"]
[PlyCount "92"]
[EventDate "2008.07.21"]
[EventType "tourn"]
[EventRounds "11"]
[EventCountry "RUS"]
[SourceTitle "EXT 2022"]
[Source "ChessBase"]
[SourceDate "2021.10.06"]
[SourceVersion "1"]
[SourceVersionDate "2021.10.06"]
[SourceQuality "1"]

1. e4 e5 2. Nc3 d6 3. d4 Nd7 4. Bc4 Ngf6 5. Bb3 Be7 6. Be3 c6 7. f3 b5 8. Qd2 exd4 9. Bxd4 a5 10. a4 b4 11. Nce2 Ba6 12. Nh3 c5 13. Bxf6 Nxf6 14. Bd5 Nxd5 15. exd5 0-0 16. 0-0 Bf6 17. Rab1 Qe8 18. Rfe1 Qxa4 19. b3 Qd7 20. Nf2 g6 21. Ne4 Bg7 22. Qf4 Kh8 23. Qxd6 Qxd6 24. Nxd6 Rad8 25. Nc4 Bxc4 26. bxc4 a4 27. Kf1 a3 28. Nc1 Rfe8 29. Na2 Kg8 30. Rb3 Kf8 31. c3 Rxe1+ 32. Kxe1 Re8+ 33. Kf2 bxc3 34. Nxc3 Bd4+ 35. Kf1 Ra8 36. Na2 Ra4 37. Ke2 Rxc4 38. Rxa3 Rc2+ 39. Kd3 Rxg2 40. Nc3 Rxh2 41. Ra8+ Ke7 42. Ne4 Be5 43. Ra7+ Ke8 44. Ra8+ Ke7 45. Ra7+ Ke8 46. Ra8+ Ke7 1/2-1/2

[Event "Krasnodar-ch"]
[Site "Krasnodar"]
[Date "2006.07.30"]
[Round "5"]
[White "Sarmutkin, Sergey"]
[Black "Egorov, Sergei"]
[Result "1-0"]
[WhiteElo "1996"]
[BlackElo "1995"]
[PlyCount "55"]
[EventDate "2006.07.28"]
[EventType "tourn"]
[EventRounds "11"]
[EventCountry "RUS"]
[SourceTitle "EXT 2008"]
[Source "ChessBase"]
[SourceDate "2007.11.25"]
[SourceVersion "1"]
[SourceVersionDate "2007.11.25"]
[SourceQuality "1"]

1. Nf3 d5 2. d4 Nf6 3. c4 e6 4. Nc3 c6 5. Bg5 Be7 6. e3 Nbd7 7. cxd5 exd5 8. Bd3 Ne4 9. Bxe7 Qxe7 10. 0-0 0-0 11. Rc1 Ndf6 12. Ne5 Nxc3 13. bxc3 Ne4 14. f3 Nd6 15. Qc2 Qh4 16. h3 f6 17. Ng4 Bxg4 18. hxg4 h5 19. gxh5 Qxh5 20. Bg6 Qh6 21. g4 Qxe3+ 22. Rf2 f5 23. gxf5 Nxf5 24. Bxf5 Qg5+ 25. Bg4 Rae8 26. Qd2 Rf4 27. Rg2 Qf6 28. Re1 1-0

[Event "Krasnodar-ch"]
[Site "Krasnodar"]
[Date "2006.07.29"]
[Round "2"]
[White "Sarmutkin, Sergey"]
[Black "Namruev, Anatoly"]
[Result "0-1"]
[WhiteElo "1996"]
[BlackElo "1960"]
[PlyCount "100"]
[EventDate "2006.07.28"]
[EventType "tourn"]
[EventRounds "11"]
[EventCountry "RUS"]
[SourceTitle "EXT 2008"]
[Source "ChessBase"]
[SourceDate "2007.11.25"]
[SourceVersion "1"]
[SourceVersionDate "2007.11.25"]
[SourceQuality "1"]

1. d4 Nf6 2. Nf3 g6 3. g3 Bg7 4. Bg2 c6 5. 0-0 0-0 6. c4 d5 7. Nbd2 a6 8. a4 Nbd7 9. cxd5 cxd5 10. Qb3 Qb6 11. Qa3 Re8 12. a5 Qb5 13. Re1 e5 14. dxe5 Nxe5 15. Nd4 Qd7 16. e3 Rb8 17. Bf1 Nc6 18. N2f3 Nxd4 19. exd4 Ne4 20. Bf4 Ra8 21. Rac1 Bf8 22. Qb3 Qd8 23. Ne5 Be6 24. Qxb7 Qxa5 25. Nc6 Qa4 26. Ra1 Qc2 27. Re2 Qd3 28. b4 Qb5 29. Qxb5 axb5 30. Rea2 Rxa2 31. Rxa2 Rc8 32. Ra6 Bd7 33. Ne5 Be6 34. f3 g5 35. Be3 Rc3 36. Nd3 h6 37. fxe4 dxe4 38. Nc5 Bxc5 39. dxc5 Rxe3 40. Bxb5 Rb3 41. Be2 Rxb4 42. c6 Rb1+ 43. Kf2 Rc1 44. Ke3 Rc2 45. Rb6 Kg7 46. Ba6 Bd5 47. Bb7 h5 48. Kd4 Rd2+ 49. Ke3 Rd3+ 50. Ke2 Rc3 0-1